|
|
|
|
| LEADER |
00000nmm a2200000 4500 |
| 008 |
160205b2014 cr ||||| |||| 00| | spa d |
| 999 |
|
|
|c 3077
|d 3077
|
| 090 |
|
|
|a CD # 246
|b Tesis #51
|
| 100 |
1 |
|
|9 745
|a Sánchez Fallas, Marilyn
|
| 245 |
1 |
0 |
|a Mediatización de la violencia escolar en Costa Rica: dos casos de estudio en colegios de la provincia de San José /
|c Marilyn Sánchez Fallas
|
| 260 |
|
|
|a [San José, Costa Rica]
|c 2014
|
| 300 |
|
|
|a 1 disco de computadora; archivo PDF
|
| 500 |
|
|
|a Tesis # 51
|
| 502 |
|
|
|a Tesis (Licenciatura en antropología social) -- Universidad de Costa Rica. Facultad de Ciencias Sociales. Escuela de Antropología, 2014
|
| 650 |
1 |
4 |
|9 71
|a VIOLENCIA
|
| 650 |
1 |
4 |
|9 1
|a EDUCACIÓN
|
| 650 |
1 |
4 |
|9 484
|a TECNOLOGÍA DE LA INFORMACIÓN
|
| 650 |
1 |
4 |
|9 925
|a TECNOLOGÍA DE LAS COMUNICACIONES
|
| 942 |
|
|
|i 003826
|h CD # 246 Tesis #51
|2 z
|c 02
|